[Event "Challenge"]
[Site "http://www.queenalice.com/game.php?id=301891"]
[Date "2007.11.10"]
[Round "-"]
[White "Lord"]
[Black "FabioRibeiro"]
[Result "0-1"]
[WhiteElo "1299"]
[BlackElo "1560"]

1. e4 e5 2. Bc4 Nf6 3. b3 Nxe4 4. Qf3 Nd6 5. g3 Nxc4 6. bxc4 Nc6 7. Nc3 Be7 8.
h4 O-O 9. Nge2 Bb4 10. Nd5 Ba5 11. Ba3 d6 12. O-O Bxd2 13. Rad1 Ba5 14. Rb1 Ne7
15. Rb5 c6 16. Rxa5 Qxa5 17. c3 Nxd5 18. Bxd6 Qxa2 19. Nc1 Qxc4 20. Ne2 Re8 21.
h5 Re6 22. Ba3 Rf6 23. Qg2 Bg4 24. Nc1 Rd8 25. f3 Ne3 26. Qf2 Rxf3 0-1

[Event "Challenge"]
[Site "http://www.queenalice.com/game.php?id=305305"]
[Date "2007.11.17"]
[Round "-"]
[White "dida"]
[Black "FabioRibeiro"]
[Result "0-1"]
[WhiteElo "1320"]
[BlackElo "1574"]

1. e4 e5 2. Nf3 Nf6 3. Nc3 Nc6 4. Bc4 d6 5. h3 Bd7 6. Ng5 Be7 7. Bxf7+ Kf8 8. d3
h6 9. Ne6+ Bxe6 10. Bxe6 Nd4 11. Bc4 g5 12. h4 g4 13. Be3 Nc6 14. a3 h5 15. Nd5
Nxd5 16. Bxd5 Bxh4 17. g3 Bf6 18. c3 Ne7 19. Bxb7 Rb8 20. Ba6 Rxb2 21. d4 Qb8
22. d5 c6 23. dxc6 Nxc6 0-1

[Event "Decapta rei"]
[Site "http://www.queenalice.com/game.php?id=313153"]
[Date "2007.11.30"]
[Round "-"]
[White "roquefrizzo"]
[Black "FabioRibeiro"]
[Result "1-0"]
[WhiteElo "1395"]
[BlackElo "1580"]

1. Nc3 e5 2. d4 exd4 3. Qxd4 Nc6 4. Qe4+ Be7 5. Nd5 Nf6 6. Nxf6+ gxf6 7. Bh6 d5
8. Qh4 Nb4 9. O-O-O Qd6 10. c4 Nxa2+ 11. Kb1 Bd7 12. Kxa2 Bf5 13. Rxd5 Qa6+ 14.
Kb3 Be6 15. Qg3 Bxd5 16. cxd5 O-O-O 17. Nf3 Rxd5 18. e4 Qb6+ 19. Kc3 Bb4+ 20.
Kc2 Qc5+ 21. Kb1 Rd1+ 22. Ka2 Rhd8 23. Be3 Qa5+ 24. Kb3 Qa3+ 25. bxa3 Bxa3 26.
Kxa3 R8d6 27. Bc5 Re6 28. Qg8+ Kd7 29. Bb5+ c6 30. Qxf7+ 1-0

[Event "AUTO-INT-720"]
[Site "http://www.queenalice.com/game.php?id=321004"]
[Date "2007.12.16"]
[Round "1"]
[White "FabioRibeiro"]
[Black "JCOELHO"]
[Result "1/2-1/2"]
[WhiteElo "1573"]
[BlackElo "1582"]

1. e4 e5 2. Nf3 Nf6 3. Nc3 Bb4 4. Nxe5 O-O 5. Bc4 Nc6 6. Nxc6 bxc6 7. Qe2 Re8 8.
O-O a5 9. d4 c5 10. Qe3 d5 11. e5 Ng4 12. Qg3 dxc4 13. dxc5 Bxc5 14. Bf4 g5 15.
Rad1 Bd7 16. Bxg5 Qxg5 17. Rxd7 Rad8 18. Rxc7 Rxe5 19. h3 Bxf2+ 20. Rxf2 Nxf2
21. Qxf2 Qc1+ 22. Kh2 Rf8 23. Nd1 h5 24. Qg3+ Rg5 25. Qf3 Qxc2 26. h4 Rf5 27.
Rxc4 Qb1 28. Qg3+ Kh7 29. Ne3 Rf6 30. Rc5 Rh6 31. Rg5 Qxb2 32. Nc4 Qxa2 33. Qd3+
Kh8 34. Ne5 f6 35. Nf7+ Qxf7 36. Qc3 Kh7 37. Rc5 a4 38. Rc7 a3 39. Rxf7+ Rxf7
40. Qxa3 f5 41. Qd3 Rff6 42. Qd7+ Kg6 43. Qe8+ Rf7 44. Qg8+ Rg7 45. Qe6+ Kh7 46.
Qxf5+ Rhg6 47. Qxh5+ Rh6 48. Qf5+ Kh8 49. g4 Rxh4+ 50. Kg3 Rgxg4+ 51. Qxg4 Rxg4+
52. Kxg4 Kh7 53. Kh5 1/2-1/2

[Event "AUTO-INT-720"]
[Site "http://www.queenalice.com/game.php?id=321005"]
[Date "2007.12.16"]
[Round "1"]
[White "JCOELHO"]
[Black "FabioRibeiro"]
[Result "0-1"]
[WhiteElo "1616"]
[BlackElo "1346"]

1. e4 e5 2. Nf3 Nf6 3. Bc4 Nc6 4. Ng5 d5 5. d3 dxc4 6. dxc4 Qxd1+ 7. Kxd1 Nxe4
8. Nxe4 Be7 9. Nbc3 O-O 10. Nd5 Re8 11. Nxc7 Bf5 12. Nxa8 Rxa8 13. Bg5 Rd8+ 14.
Kc1 Bxg5+ 15. Nxg5 Nd4 16. a4 a5 17. c3 Nb3# 0-1

[Event "AUTO-INT-720"]
[Site "http://www.queenalice.com/game.php?id=321006"]
[Date "2007.12.16"]
[Round "1"]
[White "FabioRibeiro"]
[Black "Milton"]
[Result "0-1"]
[WhiteElo "1568"]
[BlackElo "1557"]

1. e4 e5 2. Nf3 Nc6 3. Bc4 Bc5 4. c3 Nf6 5. Ng5 O-O 6. O-O d6 7. h3 h6 8. Bxf7+
Rxf7 9. Nxf7 Kxf7 10. d3 d5 11. Nd2 d4 12. cxd4 Bxd4 13. Nf3 Qd6 14. Qb3+ Be6
15. Qxb7 Rb8 16. Qa6 Rb6 17. Qa4 Bd7 18. Qd1 Bxb2 19. Qc2 Bxa1 20. Be3 Bd4 21.
Bd2 Ra6 22. Nxd4 Nxd4 23. Qd1 Qa3 24. f4 Qxd3 25. Rf2 Nxe4 26. Qh5+ g6 27. fxe5+
Bf5 28. Qh4 Nxf2 29. Qf6+ Rxf6 0-1

[Event "AUTO-INT-720"]
[Site "http://www.queenalice.com/game.php?id=321007"]
[Date "2007.12.16"]
[Round "1"]
[White "Milton"]
[Black "FabioRibeiro"]
[Result "1-0"]
[WhiteElo "1539"]
[BlackElo "1598"]

1. e4 e5 2. Bc4 Nf6 3. Qf3 Nc6 4. g4 Nd4 5. Qd3 Nxg4 6. c3 Nc6 7. Qf3 Nf6 8. d3
Na5 9. Bb5 c6 10. Ba4 Be7 11. c4 O-O 12. Nc3 d6 13. Nh3 Bd7 14. Qg3 Nh5 15. Qf3
Bxh3 16. Qxh3 Nf6 17. Rg1 b5 18. Bc2 bxc4 19. Bh6 Ne8 20. b4 cxd3 21. Bxd3 Bf6
22. O-O-O Kh8 23. Be3 Nc7 24. bxa5 Rb8 25. f4 exf4 26. e5 Bxe5 27. Qxh7# 1-0

[Event "AUTO-INT-720"]
[Site "http://www.queenalice.com/game.php?id=321009"]
[Date "2007.12.16"]
[Round "1"]
[White "Javi12358"]
[Black "FabioRibeiro"]
[Result "0-1"]
[WhiteElo "1489"]
[BlackElo "1550"]

1. d4 e6 2. e4 d5 3. e5 c5 4. Be3 cxd4 5. Qxd4 Nc6 6. Bb5 Ne7 7. Bg5 Qa5+ 8. Qc3
Qxb5 9. Ne2 Bd7 10. Na3 Qb6 0-1

[Event "Batalha"]
[Site "http://www.queenalice.com/game.php?id=327412"]
[Date "2007.12.29"]
[Round "-"]
[White "FabioRibeiro"]
[Black "klebert_jordan"]
[Result "1-0"]
[WhiteElo "1535"]
[BlackElo "1312"]

1. e4 e6 2. d4 Nf6 3. e5 Nd5 4. c4 Bb4+ 5. Bd2 Bxd2+ 6. Nxd2 Nb4 7. Ngf3 d5 8.
Qa4+ N4c6 9. Bd3 Bd7 10. Qb3 Na5 11. Qd1 Nbc6 12. O-O Nb4 13. Be2 b6 14. a3 Nbc6
15. Rc1 O-O 16. b4 Nb7 17. Bd3 a5 18. b5 Na7 19. Rc3 c5 20. Ne1 Nc8 21. Bxh7+
Kh8 22. Rh3 g6 23. f4 f5 24. Bxg6+ Kg7 25. Rh7+ Kxg6 26. Qh5# 1-0

[Event "Let's Play Chess!"]
[Site "http://www.queenalice.com/game.php?id=340681"]
[Date "2008.1.24"]
[Round "-"]
[White "FabioRibeiro"]
[Black "spawnwolfwolverine"]
[Result "0-1"]
[WhiteElo "1568"]
[BlackElo "1777"]

1. e4 e5 2. Nf3 d6 3. d4 exd4 4. Nxd4 Bd7 5. Nc3 Nc6 6. Nxc6 Bxc6 7. Bd3 g6 8.
O-O Bg7 9. Bd2 Ne7 10. Qe2 O-O 11. Nd1 a6 12. Rb1 b5 13. Ne3 Bd7 14. Nd5 Nxd5
15. exd5 c6 0-1

[Event "A Bob Fisher"]
[Site "http://www.queenalice.com/game.php?id=341863"]
[Date "2008.1.24"]
[Round "-"]
[White "FabioRibeiro"]
[Black "marvgiff"]
[Result "1-0"]
[WhiteElo "1557"]
[BlackElo "1487"]

1. e4 e5 2. Nf3 Nc6 3. Bc4 Bc5 4. c3 Nf6 5. d4 exd4 6. cxd4 Bb4+ 7. Nc3 Nxe4 8.
O-O Nxc3 9. bxc3 Bxc3 10. Qb3 Bxa1 11. Bxf7+ Kf8 12. Bg5 Ne7 13. Ne5 Bxd4 14.
Qf3 Bxe5 15. Be6+ Bf6 16. Bxf6 dxe6 17. Bg5+ Ke8 18. Rd1 Bd7 19. Rd3 Rb8 20. Qf4
Rf8 21. Qe5 h6 22. Bh4 Rf5 23. Qxg7 Qc8 24. Qxe7# 1-0

[Event "AUTO-INT-780"]
[Site "http://www.queenalice.com/game.php?id=348733"]
[Date "2008.2.5"]
[Round "1"]
[White "PhonyBenoni"]
[Black "FabioRibeiro"]
[Result "1-0"]
[WhiteElo "1775"]
[BlackElo "1548"]

1. d4 d5 2. c4 e6 3. Nc3 Bb4 4. e3 Nf6 5. cxd5 Nxd5 6. Ne2 Nc6 7. a3 Bxc3+ 8.
Nxc3 O-O 9. Bd3 Qg5 10. Qf3 Nce7 11. e4 Qf6 12. exd5 Qxf3 13. gxf3 exd5 14. Bf4
Re8 15. Kd2 Nc6 16. Nxd5 Nxd4 17. Nxc7 Nb3+ 18. Kc3 Nxa1 19. Rxa1 Be6 20. Nxa8
Rxa8 21. Be4 Rc8+ 22. Kd2 f5 23. Bxb7 Rc7 24. Bxc7 g5 25. Re1 Bd7 26. Re7 Bb5
27. Bd5+ Kf8 28. Bd6 1-0

[Event "AUTO-INT-780"]
[Site "http://www.queenalice.com/game.php?id=348734"]
[Date "2008.2.5"]
[Round "1"]
[White "FabioRibeiro"]
[Black "PhonyBenoni"]
[Result "0-1"]
[WhiteElo "1556"]
[BlackElo "1759"]

1. e4 d5 2. exd5 Nf6 3. d4 Nxd5 4. Nf3 g6 5. Bc4 Bg7 6. Bxd5 Qxd5 7. Nc3 Qa5 8.
O-O O-O 9. Re1 c5 10. Rxe7 cxd4 11. Nxd4 Qc5 12. Be3 Qxe7 13. Nd5 Qd8 14. Qf3
Nc6 15. Nxc6 bxc6 16. Nc3 Bf5 17. Qe2 Qa5 18. g4 Be6 19. a3 Bxc3 20. Bh6 Bg7 21.
g5 Bxh6 22. gxh6 Qg5+ 23. Kh1 Bd5+ 24. f3 Rae8 25. Qd3 Re3 26. Rg1 Bxf3+ 27. Rg2
Qxg2# 0-1

[Event "AUTO-INT-780"]
[Site "http://www.queenalice.com/game.php?id=348749"]
[Date "2008.2.5"]
[Round "1"]
[White "a13tc38920"]
[Black "FabioRibeiro"]
[Result "0-1"]
[WhiteElo "1579"]
[BlackElo "1534"]

1. d4 Nf6 2. c4 e6 3. Nc3 Bb4 4. Qc2 d5 5. Bd2 Nc6 6. e3 O-O 7. Bd3 e5 8. dxe5
Nxe5 9. b3 Be6 10. Nge2 c5 11. O-O Qc7 12. Rac1 Rad8 13. Nb5 Qb8 14. Bxb4 Nxd3
15. Qxd3 Ng4 16. Ng3 a6 17. Bxc5 Rfe8 18. Nd4 h5 19. h3 h4 20. Ngf5 Qh2# 0-1

[Event "AUTO-INT-780"]
[Site "http://www.queenalice.com/game.php?id=348750"]
[Date "2008.2.5"]
[Round "1"]
[White "FabioRibeiro"]
[Black "a13tc38920"]
[Result "0-1"]
[WhiteElo "1592"]
[BlackElo "1609"]

1. e4 c5 2. Nf3 d6 3. d4 cxd4 4. Nxd4 Nf6 5. Nc3 a6 6. Bd3 b5 7. O-O Bb7 8. Re1
e6 9. Bg5 Be7 10. Qf3 Qc7 11. a3 Nbd7 12. Bf4 O-O 13. Qg3 Nh5 14. Qe3 Nxf4 15.
Qg3 Ng6 16. Nf3 Rac8 17. Rad1 Nde5 18. Ng5 h6 19. f4 hxg5 20. fxg5 Nc4 21. Bxc4
Qxc4 22. Qe3 Qc5 23. Qxc5 dxc5 24. Rd7 Bc6 25. Ra7 Ra8 26. Rxa8 Bxa8 27. e5 Rd8
28. g3 Rd2 29. Rc1 Bxg5 0-1

[Event "AUTO-INT-780"]
[Site "http://www.queenalice.com/game.php?id=348759"]
[Date "2008.2.5"]
[Round "1"]
[White "Dyggo"]
[Black "FabioRibeiro"]
[Result "1-0"]
[WhiteElo "1759"]
[BlackElo "1541"]

1. e4 e5 2. Nf3 Nc6 3. Bc4 Bc5 4. b4 Bxb4 5. c3 Be7 6. d4 exd4 7. O-O Nf6 8. e5
Ng8 9. Re1 d5 10. exd6 Qxd6 11. Ba3 Qg6 12. Qe2 Bh3 13. Nh4 Qg5 14. g3 Nf6 15.
Bxe7 Ng8 16. Bxg5+ Be6 17. Bxe6 Nge7 18. Bxe7 Nxe7 19. Bxf7+ Kxf7 20. Qxe7+ 1-0

[Event "AUTO-INT-780"]
[Site "http://www.queenalice.com/game.php?id=348760"]
[Date "2008.2.5"]
[Round "1"]
[White "FabioRibeiro"]
[Black "Dyggo"]
[Result "1-0"]
[WhiteElo "1598"]
[BlackElo "1405"]

1. d4 c5 2. dxc5 Nc6 3. e4 e6 4. Nf3 Bxc5 5. Nc3 Nge7 6. Bb5 a6 7. Bxc6 bxc6 8.
O-O d5 9. Re1 Rb8 10. Ne5 f6 11. Nd3 Bd6 12. e5 Bc7 13. Na4 Ng6 14. Nac5 Nxe5
15. Bf4 Nxd3 16. Bxc7 Qxc7 17. Nxd3 O-O 18. Qd2 e5 19. Nc5 Qb6 20. b4 1-0

[Event "AUTO-INT-809"]
[Site "http://www.queenalice.com/game.php?id=361421"]
[Date "2008.2.26"]
[Round "1"]
[White "chouia"]
[Black "FabioRibeiro"]
[Result "1-0"]
[WhiteElo "1710"]
[BlackElo "1566"]

1. d4 Nf6 2. Nf3 d5 3. Bf4 Nc6 4. e3 Bg4 5. Be2 e6 6. Bg5 Be7 7. O-O Ne4 8. Bxe7
Qxe7 9. Nbd2 Nxd2 10. Nxd2 Bxe2 11. Qxe2 O-O 12. Rac1 Qf6 13. Nb3 Nb4 14. a3 Nc6
15. Nc5 Qe7 16. b3 Rab8 17. a4 1-0

[Event "AUTO-INT-809"]
[Site "http://www.queenalice.com/game.php?id=361422"]
[Date "2008.2.26"]
[Round "1"]
[White "FabioRibeiro"]
[Black "chouia"]
[Result "0-1"]
[WhiteElo "1577"]
[BlackElo "1699"]

1. e4 c5 2. Nf3 d6 3. d4 cxd4 4. Nxd4 e5 5. Nf3 Nf6 6. Nc3 Bg4 7. Be2 Be7 8. O-O
O-O 9. Be3 Nc6 10. h3 Bd7 11. Bc4 a6 12. Nd5 Nxd5 13. Bxd5 b5 14. Qd2 Rc8 15. c3
Be6 16. Bxe6 fxe6 17. Ng5 Na5 18. Nxe6 Qd7 0-1

[Event "AUTO-INT-809"]
[Site "http://www.queenalice.com/game.php?id=361430"]
[Date "2008.2.26"]
[Round "1"]
[White "Jajer"]
[Black "FabioRibeiro"]
[Result "0-1"]
[WhiteElo "1304"]
[BlackElo "1552"]

1. d3 e6 2. Nf3 Nc6 3. e4 d5 4. e5 Bd7 5. d4 Nge7 6. Bg5 h6 7. Bh4 g5 8. Bg3 Bg7
9. h4 g4 10. Nh2 Nf5 0-1